[Event "Ukraine Champ Women 2016"]
[Site "Rivne"]
[Date "2016.12.11"]
[Round "3.3"]
[White "Malakhova, Elizaveta"]
[Black "Babiy, Olga"]
[Result "1/2-1/2"]
[BlackElo "2322"]
[WhiteElo "2270"]
[LiveChessVersion "1.4.8"]

1. d4 {[%clk 1:30:54]} Nf6 {[%clk 1:30:43]} 2. c4 {[%clk 1:31:06]} e6
{[%clk 1:30:55]} 3. Nc3 {[%clk 1:31:12]} Bb4 {[%clk 1:31:10]} 4. e3
{[%clk 1:31:16]} O-O {[%clk 1:31:08]} 5. Nge2 {[%clk 1:31:25]} d5
{[%clk 1:30:06]} 6. a3 {[%clk 1:29:43]} Bd6 {[%clk 1:30:29]} 7. Ng3
{[%clk 1:25:05]} dxc4 {[%clk 1:26:50]} 8. Bxc4 {[%clk 1:24:41]} Nc6
{[%clk 1:27:03]} 9. f4 {[%clk 1:16:29]} a6 {[%clk 1:18:51]} 10. O-O
{[%clk 1:07:23]} b5 {[%clk 1:11:55]} 11. Bd3 {[%clk 1:06:06]} Bb7
{[%clk 1:03:02]} 12. Nce4 {[%clk 0:56:35]} Nxe4 {[%clk 0:51:05]} 13. Nxe4
{[%clk 0:49:35]} Be7 {[%clk 0:48:50]} 14. Qe1 {[%clk 0:36:00]} f5
{[%clk 0:43:47]} 15. Nf2 {[%clk 0:32:14]} Nxd4 {[%clk 0:30:43]} 16. exd4
{[%clk 0:26:33]} Qd5 {[%clk 0:31:04]} 17. Be4 {[%clk 0:26:54]} fxe4
{[%clk 0:31:27]} 18. Be3 {[%clk 0:27:15]} Qf5 {[%clk 0:27:14]} 19. Rc1
{[%clk 0:24:45]} Bd6 {[%clk 0:26:34]} 20. Nh1 {[%clk 0:24:20]} Bd5
{[%clk 0:26:11]} 21. Qh4 {[%clk 0:21:29]} Qg6 {[%clk 0:22:23]} 22. g4
{[%clk 0:16:10]} Rf7 {[%clk 0:19:30]} 23. Ng3 {[%clk 0:14:47]} Raf8
{[%clk 0:19:40]} 24. Nh5 {[%clk 0:11:19]} Bc4 {[%clk 0:19:46]} 25. Rf2
{[%clk 0:11:31]} Rd7 {[%clk 0:15:10]} 26. Kh1 {[%clk 0:10:01]} Be7
{[%clk 0:15:22]} 27. Qh3 {[%clk 0:09:40]} Qe8 {[%clk 0:07:10]} 28. f5
{[%clk 0:08:05]} g6 {[%clk 0:04:32]} 29. fxg6 {[%clk 0:05:50]} hxg6
{[%clk 0:04:16]} 30. Rxf8+ {[%clk 0:03:33]} Qxf8 {[%clk 0:04:28]} 31. Nf4
{[%clk 0:03:53]} g5 {[%clk 0:00:42]} 32. Ng6 {[%clk 0:03:33]} Qf6
{[%clk 0:00:53]} 33. Ne5 {[%clk 0:03:28]} Rd8 {[%clk 0:01:04]} 34. Rc2
{[%clk 0:00:44]} Rf8 {[%clk 0:00:40]} 35. Rf2 {[%clk 0:00:54]} Qg7
{[%clk 0:00:58]} 36. Rxf8+ {[%clk 0:00:51]} Bxf8 {[%clk 0:00:39]} 37. Qh5
{[%clk 0:00:39]} Be7 {[%clk 0:00:52]} 38. Qe8+ {[%clk 0:00:48]} Kh7
{[%clk 0:01:13]} 39. Qh5+ {[%clk 0:01:06]} Kg8 {[%clk 0:01:37]} 40. Qe8+
{[%clk 0:31:30]} Kh7 {[%clk 0:30:34]} 41. Qh5+ {[%clk 0:30:21]} Kg8
{[%clk 0:31:02]} 42. Qe8+ {[%clk 0:30:28]} Kh7 {[%clk 0:19:29]} 43. Qh5+
{[%clk 0:28:53]} Kg8 {[%clk 0:19:52]} 44. Qe8+ {[%clk 0:29:04]} Kh7
{[%clk 0:20:17]} 1/2-1/2